| 000 | 00331nam a22000977a 4500 | ||
|---|---|---|---|
| 008 | 230913b |||||||| |||| 00| 0 eng d | ||
| 040 |
_aNational Science Library _cNational Science Library |
||
| 245 | _aStudii si cercetari de inframicrobiologie | ||
| 260 |
_aBucuresti: _bEditura Academiei Republicii Socialiste Romania, |
||
| 942 | _cCR | ||
| 999 |
_c60676 _d60676 |
||